Equipos que han ganado la Europa League-Muerte-Súbita - Estadísticas

Estadísticas generales
  • Esta prueba ha sido intentada 330 veces
    328 desde el último reinicio
  • La puntuación promedio es 7 de 29
Answers on the Grid
Answers color-coded by a green-red scale on the quiz's grid according to % correct below.
Sevilla
Atlético Madrid
Frankfurt
Real Madrid
Chelsea
Tottenham
Liverpool
Feyenoord
Borussia Monchedgladbach
Juventus
PSV
Ipswich Town
Anderletch
Leverkusen
Napoli
Inter Milan
Ajax
Parma
Bayern Munich
Schalke 04
Galatasaray
Porto
Valencia
Shaktar Donetsk
Villarreal
Manchester United
Goteborg
Manchester City
Arsenal
Aston Villa
Barcelona
West Ham
Real Betis
Real Sociedad
Borussia Dortmund
Athletic Bilbao
Getafe
Milan
Roma
Benfica
Sporting Lisboa
Fenerbajche
Crystal Palace
Brighton
Everton
Zenit San Petersburgo
CSKA Moscu
Stuttgart
Dinamo Kiev
Celta de Vigo
Rayo Vallecano
Al-Nassr
Celtic
Rangers
Leicester City
Hull City
Club Americas
Bremen
Rayo Majadahonda
Deportivo LaCoruña
 
Estadísticas de respuestas
Respuesta % Correcto
Atlético Madrid
52%
Sevilla
49%
Chelsea
48%
Villarreal
42%
Manchester United
38%
Real Madrid
35%
Liverpool
30%
Tottenham
30%
Valencia
29%
Porto
28%
Frankfurt
27%
Inter Milan
25%
Juventus
25%
Shaktar Donetsk
24%
Ajax
22%
Parma
20%
Zenit San Petersburgo
20%
Bayern Munich
19%
Borussia Monchedgladbach
18%
Napoli
18%
CSKA Moscu
16%
Galatasaray
16%
Goteborg
16%
Ipswich Town
14%
Feyenoord
11%
Leverkusen
11%
PSV
11%
Anderletch
9%
Schalke 04
8%
No se encontraron pruebas coincidentes
Distribución de puntuación
Porcentaje de gente con cada puntuación
Porcentaje por número respondido
Historial de tus puntuaciones
No has intentado esta prueba desde el último reinicio